Statistics for Find the hidden element - capitals and cities

Click here to take the quiz!

General Stats

  • This quiz has been taken 36 times
    (28 since last reset)
  • The average score is 19 of 36

Answer Stats

Saint Petersburg% Correct
Uranium (U)
87%
Uranium (U)
87%
Uranium (U)
87%
Uranium (U)
87%
Carbon (C)
80%
Carbon (C)
80%
Nitrogen (N)
80%
Nitrogen (N)
80%
Sulphur (S)
67%
Sulphur (S)
67%
Boron (B)
60%
Hydrogen (H)
60%
Oxygen (O)
60%
Oxygen (O)
60%
Potassium (K)
60%
Aluminium (Al)
53%
Iodine (I)
53%
Iodine (I)
53%
Phosphorus (P)
53%
Radium (Ra)
53%
Tungsten (W)
53%
Yttrium (Y)
53%
Antimony (Sb)
47%
Erbium (Er)
47%
Tellurium (Te)
47%
Tellurium (Te)
47%
Argon (Ar)
40%
Indium (In)
40%
Nobelium (No)
33%
Actinium (Ac)
27%
Astatine (At)
27%
Lanthanum (La)
27%
Roentgenium (Rg)
27%
Tantalum (Ta)
20%
Thorium (Th)
13%
Holmium (Ho)
7%

Score Distribution

Percentile by Number Answered

Percent of People with Each Score

Your Score History

You have not taken this quiz since the last reset